| 000 | 00590nam a22001937a 4500 | ||
|---|---|---|---|
| 005 | 20251108171822.0 | ||
| 008 | 250721s1986 xx 000 0 ara d | ||
| 082 | 1 | 4 | _aط/629.4/ماي |
| 100 | 1 | _aمايرنغ، لن | |
| 245 | 1 | 0 | _aالصواريخ و السفر عبر الفضاء / |
| 264 | 1 |
_aبيروت : _bالمؤسسة العربية للدراسات و النشر، _c1986. |
|
| 300 | _a24ص | ||
| 490 | 0 | _aفتش و تعلم | |
| 650 | 1 | 7 | _aالفضاء |
| 650 | 1 | 7 | _aالصواريخ |
| 700 | 1 |
_aشاهين، عيسى _eترجمة |
|
| 942 |
_2ddc _cBK |
||
| 999 |
_c63403 _d63403 |
||